Common Minecraft Blocks - Statistics

General Stats
  • This quiz has been taken 75 times
    44 since last reset
  • The average score is 15 of 20
Answer Stats
Block Description Block % Correct
This is usually the first block you interact with (In General) Wood
97%
The black ore {Coal} Ore
94%
The block you get from mining stone Cobblestone
91%
Everyone's favorite ore {Diamond} Ore
91%
The yellow ore {Gold} Ore
91%
The block you make from wood Wooden Planks
91%
A brown block you can dig up Dirt
89%
The unbreakable block Bedrock
86%
The light brown ore {Iron} Ore
80%
You make all your essentials with this block Crafting Table
77%
The yellow End block End Stone
77%
A green block you find in forests Leaves
77%
The brown Nether block that slows you down Soul Sand
74%
The dark red Nether block Netherrack
71%
A dark black block that you use for teleportation Obsidian
69%
The whitish stone Diorite
60%
A darker form of diamond ore {Lapis Lazuli} Ore
60%
The block that makes up the majority of a Stronghold Stone Bricks
57%
The very dark red Nether block found at Fortresses Nether Bricks
51%
The grayish block that Magma Cubes sit on Basalt
46%
No matching quizzes found
Score Distribution
Percent of People with Each Score
Percentile by Number Answered
Your Score History
You have not taken this quiz since the last reset